000 00574nam a2200169Ia 4500
003 GCL
005 20240530105011.0
008 140319s9999 xx 000 0 ara d
040 _aGCL /
_cGCL
082 0 4 _a361.142
_bم ط
100 0 _aمصطفى سويف
245 1 0 _aالطريق الاخر لمواجهه مشكك المخدرات: خفض الطلب /
_cمصطفى سويف
260 _a[S.N] :
_bالمركز القومى للبحوث الاجتماعية والجنائي ،
_c1990
300 _a90
650 0 4 _aمكافحة المخدرات
942 _2ddc
_cBK
999 _c52414
_d52414